<?xml version="1.0" encoding="UTF-8"?>
<record
    xmlns:xsi="http://www.w3.org/2001/XMLSchema-instance"
    xsi:schemaLocation="http://www.loc.gov/MARC21/slim http://www.loc.gov/standards/marcxml/schema/MARC21slim.xsd"
    xmlns="http://www.loc.gov/MARC21/slim">

  <leader>01274cam a2200325 a 4500</leader>
  <controlfield tag="001">c  67002541 </controlfield>
  <controlfield tag="003">DLC</controlfield>
  <controlfield tag="005">20260227111036.0</controlfield>
  <controlfield tag="008">871124s1967    ch abch       00000 chi  </controlfield>
  <datafield tag="010" ind1=" " ind2=" ">
    <subfield code="a">c  67002541 </subfield>
  </datafield>
  <datafield tag="035" ind1=" " ind2=" ">
    <subfield code="a">(CStRLIN)DCLP87-B21945</subfield>
  </datafield>
  <datafield tag="040" ind1=" " ind2=" ">
    <subfield code="a">DLC-R</subfield>
    <subfield code="c">DLC-R</subfield>
    <subfield code="d">CStRLIN</subfield>
    <subfield code="d">DLC-R</subfield>
  </datafield>
  <datafield tag="050" ind1="0" ind2="0">
    <subfield code="a">DS777.2</subfield>
    <subfield code="b">.S5</subfield>
  </datafield>
  <datafield tag="066" ind1=" " ind2=" ">
    <subfield code="c">$1</subfield>
  </datafield>
  <datafield tag="082" ind1="0" ind2="0">
    <subfield code="a">951.04/1</subfield>
    <subfield code="2">19</subfield>
  </datafield>
  <datafield tag="245" ind1="0" ind2="0">
    <subfield code="6">880-01</subfield>
    <subfield code="a">Yuan Shikai shi liao hui kan /</subfield>
    <subfield code="c">[Shen Yunlong zhu bian].</subfield>
  </datafield>
  <datafield tag="250" ind1=" " ind2=" ">
    <subfield code="6">880-02</subfield>
    <subfield code="a">Tai chu ban.</subfield>
  </datafield>
  <datafield tag="260" ind1=" " ind2=" ">
    <subfield code="6">880-03</subfield>
    <subfield code="a">Taibei Xian Yonghe zhen :</subfield>
    <subfield code="b">Wen hai chu ban she,</subfield>
    <subfield code="c">[1966-</subfield>
  </datafield>
  <datafield tag="300" ind1=" " ind2=" ">
    <subfield code="a">&lt;v. 1-17, 20-21;   in 32&gt; :</subfield>
    <subfield code="b">ill., facsims., maps, ports. ;</subfield>
    <subfield code="c">20 cm.</subfield>
  </datafield>
  <datafield tag="500" ind1=" " ind2=" ">
    <subfield code="a">Vol. 1, pts. 2-3, v. 2,  4-8 have title: Xiangcheng Yuan Shikai you guan zi liao hui kan.</subfield>
  </datafield>
  <datafield tag="500" ind1=" " ind2=" ">
    <subfield code="a">Vols. 11-17 have title: Yuan Shikai shi liao hui kan xu ji.</subfield>
  </datafield>
  <datafield tag="600" ind1="1" ind2="0">
    <subfield code="6">880-04</subfield>
    <subfield code="a">Yuan, Shikai,</subfield>
    <subfield code="d">1859-1916.</subfield>
  </datafield>
  <datafield tag="700" ind1="1" ind2=" ">
    <subfield code="6">880-05</subfield>
    <subfield code="a">Shen, Yunlong.</subfield>
  </datafield>
  <datafield tag="880" ind1="0" ind2="0">
    <subfield code="6">245-01/$1</subfield>
    <subfield code="a">&#x8881;&#x3000;&#x4E16;&#x51F1;&#x3000;&#x53F2;&#x6599;&#x3000;&#x5F59;&#x520A; /</subfield>
    <subfield code="c">[&#x6C88;&#x3000;&#x96F2;&#x9F8D;&#x3000;&#x4E3B;&#x7DE8;].</subfield>
  </datafield>
  <datafield tag="880" ind1=" " ind2=" ">
    <subfield code="6">250-02/$1</subfield>
    <subfield code="a">&#x81FA;&#x521D;&#x7248;.</subfield>
  </datafield>
  <datafield tag="880" ind1=" " ind2=" ">
    <subfield code="6">260-03/$1</subfield>
    <subfield code="a">&#x81FA;&#x5317;&#x7E23;&#x3000;&#x6C38;&#x548C;&#x93AD; :</subfield>
    <subfield code="b">&#x6587;&#x6D77;&#x3000;&#x51FA;&#x7248;&#x793E;,</subfield>
    <subfield code="c">1966-&lt;1967&gt;</subfield>
  </datafield>
  <datafield tag="880" ind1="1" ind2="4">
    <subfield code="6">600-04/$1</subfield>
    <subfield code="a">&#x8881;&#x3000;&#x4E16;&#x51F1;,</subfield>
    <subfield code="d">1859-1916.</subfield>
  </datafield>
  <datafield tag="880" ind1="1" ind2=" ">
    <subfield code="6">700-05/$1</subfield>
    <subfield code="a">&#x6C88;&#x3000;&#x96F2;&#x9F8D;.</subfield>
  </datafield>
  <datafield tag="987" ind1=" " ind2=" ">
    <subfield code="a">PINYIN</subfield>
    <subfield code="b">CStRLIN</subfield>
    <subfield code="c">20001210</subfield>
    <subfield code="d">c</subfield>
    <subfield code="e">1.0</subfield>
  </datafield>
  <datafield tag="999" ind1=" " ind2=" ">
    <subfield code="c">12940</subfield>
    <subfield code="d">12940</subfield>
  </datafield>
</record>
